Evaluation to improve learning
Guardat en:
| Autors principals: | , |
|---|---|
| Altres autors: | |
| Format: | Llibre |
| Idioma: | anglès |
| Publicat: |
Nueva York
McGraw-Hill
1981
|
| Matèries: | |
| Etiquetes: |
Afegir etiqueta
Sense etiquetes, Sigues el primer a etiquetar aquest registre!
|
MARC
| LEADER | 00000nam a2200000 a 4500 | ||
|---|---|---|---|
| 001 | UCW4199 | ||
| 003 | CL-VaPUC | ||
| 008 | 891027e19810000US |||||||||||||||||eng|d | ||
| 082 | 0 | 4 | |a 371.26 |b BLO |2 21 |
| 100 | |a Bloom, Benjamin Samuel |e author |9 308803 | ||
| 700 | |a Madaus, George F. |e autor |9 588234 | ||
| 700 | 0 | |a Hastings, John Thomas |e author |9 308805 | |
| 245 | 1 | 0 | |a Evaluation to improve learning |
| 300 | |a 356 p | ||
| 942 | |c BK | ||
| 945 | |d 19891027 00:00:00 | ||
| 260 | |a Nueva York |b McGraw-Hill |c 1981 | ||
| 650 | 0 | |a Evaluación |9 271902 | |
| 650 | 0 | |a Mediciones y pruebas educativas |9 307479 | |
| 583 | |a last modification |c 19891027 00:00:00 |k Rodrigo Vera | ||
| 999 | |c 217985 |d 217983 | ||
| 952 | |0 0 |1 0 |4 0 |6 371_260000000000000_BLO_1981 |7 0 |8 P |9 206720 |a BIBEDU |b BIBEDU |c BIBEDU_PB |d 2019-11-15 |i 3226182 |o 371.26 BLO 1981 |p 3226182 |r 2024-01-25 |w 2019-11-15 |y BK |k EDU | ||